[Event "Groningen op 59th"]
[Site "Groningen"]
[Date "2023.12.29"]
[Round "8"]
[White "Kanyamarala, Trisha"]
[Black "Grooten, Herman"]
[Result "1-0"]
[WhiteElo "2184"]
[BlackElo "2243"]
[PlyCount "130"]
[EventDate "2023.12.21"]
[EventType "swiss"]
[EventRounds "9"]
[EventCountry "NED"]
[SourceTitle "CB04_2024"]
[SourceDate "2023.10.16"]
[SourceVersion "1"]
[SourceVersionDate "2023.10.16"]
[SourceQuality "1"]

1. d4 Nf6 2. c4 e6 3. Nf3 b6 4. g3 Ba6 5. b3 Bb4+ 6. Bd2 Be7 7. Nc3 Bb7 8. Bg2 0-0 9. 0-0 d5 10. cxd5 exd5 11. Qc2 Nbd7 12. Rad1 Re8 13. Ne5 Nf8 14. Rfe1 Ne6 15. e3 a6 16. Bc1 Qd6 17. f4 c5 18. dxc5 Qxc5 19. Qd3 Red8 20. Bb2 Qa5 21. a3 b5 22. b4 Qb6 23. Ne2 a5 24. f5 Ng5 25. Bd4 Qa6 26. Ra1 Nge4 27. Nf4 Nd6 28. Bf3 Nfe4 29. Bg4 Nc4 30. Nh5 Qd6 31. Nf3 f6 32. Nf4 Ne5 33. Nxe5 fxe5 34. Bc5 Nxc5 35. bxc5 Qc6 36. Ne6 Re8 37. Rab1 d4 38. e4 Ba6 39. Qb3 Kh8 40. Qd5 Rec8 41. Qxe5 Bf6 42. Qf4 Bb7 43. Bf3 d3 44. Rf1 Bc3 45. e5 Qd7 46. Bxb7 Qxb7 47. f6 g5 48. Qxg5 Rg8 49. Qg7+ Rxg7 50. fxg7+ Qxg7 51. Nxg7 Kxg7 52. Rxb5 Bxe5 53. Rd1 Rd8 54. c6 Kf6 55. Rb7 d2 56. c7 Rc8 57. Rxd2 Ke6 58. Rd8 Rxc7 59. Rxc7 Bxc7 60. Rh8 Kd5 61. Rxh7 Bb6+ 62. Kf1 Kc4 63. a4 Bd8 64. Rb7 Bf6 65. h4 Kd5 1-0

[Event "Ghent op 44th"]
[Site "Ghent"]
[Date "2023.07.11"]
[Round "1"]
[White "Grooten, Herman"]
[Black "Dgebuadze, Alexandre"]
[Result "1/2-1/2"]
[WhiteElo "2241"]
[BlackElo "2433"]
[PlyCount "101"]
[EventDate "2023.07.11"]
[EventType "swiss"]
[EventRounds "9"]
[EventCountry "BEL"]
[SourceTitle "EXT 2024"]
[Source "ChessBase"]
[SourceDate "2023.10.10"]
[SourceVersion "1"]
[SourceVersionDate "2023.10.10"]
[SourceQuality "1"]

1. d4 e6 2. c4 Bb4+ 3. Nd2 b6 4. a3 Bxd2+ 5. Qxd2 Bb7 6. e3 d6 7. b4 Nd7 8. Bb2 e5 9. Ne2 a5 10. Rd1 axb4 11. axb4 Ngf6 12. Ng3 0-0 13. f3 Re8 14. Be2 Ra2 15. Kf2 Qe7 16. Ra1 exd4 17. exd4 Rea8 18. Rxa2 Ra7 19. Ra3 Rxa3 20. Rf1 Ra2 21. Re1 Qf8 22. Bd3 d5 23. Nf5 g6 24. Ne7+ Kg7 25. c5 Ne4+ 26. Bxe4 Qxe7 27. Bb1 Qh4+ 28. Ke2 Ra8 29. Kd1 Bc6 30. g3 Qf6 31. Qe2 Ba4+ 32. Kc1 Kg8 33. Bd3 Nf8 34. b5 c6 35. bxc6 Qxc6 36. Qe5 Nd7 37. Qd6 bxc5 38. Qxc6 Bxc6 39. dxc5 Nxc5 40. Bc2 Ne6 41. f4 Ba4 42. Bb1 Nc5 43. Bf6 Bd7 44. Re7 Rc8 45. Kd2 Kf8 46. Re3 Be6 47. Rc3 Ke8 48. Ke3 Kd7 49. Kd4 Ne4 50. Rxc8 Kxc8 51. Bxe4 1/2-1/2

[Event "Helmond Rapid op"]
[Site "Helmond"]
[Date "2023.06.10"]
[Round "6"]
[White "Grooten, Herman"]
[Black "Overtoom, Reinier"]
[Result "1-0"]
[WhiteElo "2241"]
[BlackElo "1799"]
[PlyCount "80"]
[EventDate "2023.06.10"]
[EventType "swiss (rapid)"]
[EventRounds "9"]
[EventCountry "NED"]
[SourceTitle "CBM 214 Extra"]
[Source "ChessBase"]
[SourceDate "2023.07.31"]
[SourceVersion "1"]
[SourceVersionDate "2023.07.31"]
[SourceQuality "1"]

1. d4 Nf6 2. c4 Nc6 3. Nc3 e5 4. d5 Ne7 5. Nf3 Ng6 6. g3 Bc5 7. Bg2 0-0 8. 0-0 a6 9. Rb1 d6 10. b4 Ba7 11. Nd2 Re8 12. Qc2 Bd7 13. Nb3 Qc8 14. Bg5 Bf5 15. e4 Bh3 16. Bxf6 gxf6 17. c5 Bxg2 18. Kxg2 Qg4 19. f3 Qg5 20. Kh1 Kh8 21. Nd1 Rg8 22. Qc1 Qh5 23. Ne3 Ne7 24. Qe1 Qg5 25. Rb2 f5 26. exf5 Nxf5 27. f4 exf4 28. Nxf5 Qxf5 29. Qc3+ f6 30. Qf3 Rae8 31. Rd2 Re5 32. Nd4 Qe4 33. Ne6 Qxb4 34. gxf4 Rf5 35. Rg2 Rg6 36. Rfg1 Bxc5 37. Rxg6 hxg6 38. Nxc5 Qxc5 39. Qh3+ Kg7 40. Qxf5 Kh8 1-0

[Event "Eindhoven WLC op 13th"]
[Site "Eindhoven"]
[Date "2023.05.05"]
[Round "1"]
[White "Weijers, Ralf"]
[Black "Grooten, Herman"]
[Result "1-0"]
[WhiteElo "1929"]
[BlackElo "2252"]
[PlyCount "107"]
[EventDate "2023.05.05"]
[EventType "swiss"]
[EventRounds "6"]
[EventCountry "NED"]
[SourceTitle "CBM 214 Extra"]
[Source "ChessBase"]
[SourceDate "2023.07.31"]
[SourceVersion "1"]
[SourceVersionDate "2023.07.31"]
[SourceQuality "1"]

1. e4 c5 2. a3 e5 3. Bc4 Nc6 4. Ne2 d6 5. Nbc3 Be6 6. Nd5 a6 7. Nec3 b5 8. Ba2 b4 9. axb4 cxb4 10. Na4 Rb8 11. c3 Nf6 12. d3 Bxd5 13. Bxd5 Nxd5 14. exd5 Ne7 15. c4 Ng6 16. d4 Be7 17. dxe5 Nxe5 18. b3 Bf6 19. Bb2 0-0 20. 0-0 Re8 21. Qd2 Qc8 22. f4 Ng4 23. h3 Bxb2 24. Nxb2 Nf6 25. Rfe1 Ne4 26. Qc2 Qc5+ 27. Kh2 Qd4 28. Rxa6 Nc5 29. Raa1 Qxf4+ 30. Kh1 Rxe1+ 31. Rxe1 Qg3 32. Qe2 h6 33. Qe3 Qg6 34. Na4 Nxa4 35. Qa7 Rf8 36. Qxa4 Qg3 37. Qxb4 f5 38. Rf1 Re8 39. Qb7 g6 40. Qd7 Re2 41. Qd8+ Kf7 42. Qc7+ Re7 43. Qb6 Re2 44. Qc7+ Re7 45. Qb6 h5 46. Rg1 f4 47. Qxd6 Re1 48. Qc7+ Kf6 49. Qb6+ Kg5 50. b4 Re2 51. d6 Kh4 52. d7 f3 53. d8Q+ g5 54. Qbd4+ 1-0

[Event "NED-chT 2223"]
[Site "Netherlands"]
[Date "2023.04.22"]
[Round "9.3"]
[White "Grooten, Herman"]
[Black "Breukelman, Jan"]
[Result "0-1"]
[WhiteElo "2258"]
[BlackElo "2426"]
[PlyCount "82"]
[EventDate "2022.09.17"]
[EventType "team-tourn"]
[EventRounds "9"]
[EventCountry "NED"]
[SourceTitle "EXT 2024"]
[Source "ChessBase"]
[SourceDate "2023.10.10"]
[SourceVersion "1"]
[SourceVersionDate "2023.10.10"]
[SourceQuality "1"]
[WhiteTeam "De Stukkenjagers"]
[BlackTeam "Paul Keres"]
[WhiteTeamCountry "NED"]
[BlackTeamCountry "NED"]

1. d4 Nf6 2. c4 e6 3. Nf3 d5 4. Nc3 dxc4 5. e3 a6 6. Bxc4 b5 7. Bd3 Nbd7 8. a4 b4 9. Ne4 Bb7 10. Nxf6+ gxf6 11. e4 c5 12. d5 exd5 13. exd5 Qe7+ 14. Be3 Bh6 15. 0-0 Bxe3 16. Re1 Bxf2+ 17. Kxf2 Ne5 18. Nxe5 fxe5 19. Qh5 0-0-0 20. Rxe5 Qf6+ 21. Qf5+ Qxf5+ 22. Bxf5+ Kc7 23. Re7+ Kb8 24. Rc1 Bxd5 25. Rxc5 Rd6 26. g3 Rhd8 27. Ke3 h5 28. a5 h4 29. gxh4 Ba8 30. Rc4 Bc6 31. Rxb4+ Bb5 32. Be4 Rd1 33. Rb3 f5 34. Rb7+ Ka8 35. R7xb5+ fxe4 36. Rb6 Ka7 37. Rc3 Re1+ 38. Kf2 Rdd1 39. Re3 Rf1+ 40. Kg3 Rf5 41. Rxe4 Rg1+ 0-1

[Event "NED-chT 1819"]
[Site "Netherlands"]
[Date "2019.05.11"]
[Round "9.2"]
[White "Grooten, Herman"]
[Black "Van Foreest, Jorden"]
[Result "0-1"]
[WhiteElo "2384"]
[BlackElo "2624"]
[PlyCount "72"]
[EventDate "2018.09.15"]
[EventType "team-tourn"]
[EventRounds "9"]
[EventCountry "NED"]
[SourceTitle "CBM 189 Extra"]
[Source "ChessBase"]
[SourceDate "2019.06.03"]
[SourceVersion "1"]
[SourceVersionDate "2019.06.03"]
[SourceQuality "1"]
[WhiteTeam "De Stukkenjagers"]
[BlackTeam "Kennemer Combinatie"]
[WhiteTeamCountry "NED"]
[BlackTeamCountry "NED"]

1. d4 d5 2. c4 c6 3. Nf3 Nf6 4. g3 dxc4 5. Bg2 g6 6. 0-0 Bg7 7. Ne5 Ng4 8. Nf3 0-0 9. Na3 b5 10. h3 Nf6 11. Ne5 Nd5 12. Nc2 Bb7 13. e4 Nb6 14. f4 N8d7 15. Be3 Na4 16. b3 Nab6 17. Qe1 cxb3 18. axb3 c5 19. dxc5 Nxe5 20. fxe5 Nd7 21. e6 Bxa1 22. exd7 Be5 23. Qd2 Bc6 24. Rd1 a5 25. Bh6 Ra7 26. Nd4 Rxd7 27. Nxc6 Rxd2 28. Rxd2 Qc7 29. Bxf8 Kxf8 30. Nxe5 Qxc5+ 31. Kh2 Qxe5 32. Rd5 Qb8 33. Bf1 a4 34. b4 a3 35. Rd2 Qe5 36. Ra2 Qc3 0-1